000 00498nam a2200181Ia 4500
003 GCL
008 140319s9999 xx 000 0 eng d
040 _aGCL /
_cGCL
082 0 4 _a621.381
_bF M
100 1 _aFONSTAD, CLIFTON, G.
245 1 0 _aMICRO ELECTRONIC DEVICES AND CIRCUITS /
_cFONSTAD, CLIFTON, G.
260 _a[S.N] :
_bMC GRAW - HILL ،
_c1994
300 _a686 P
650 0 4 _aMICRO ELECTRONICS
650 0 4 _aNONLINEAR
650 0 4 _aELECTRONIC CIRCUIT ANALYSIS
942 _2ddc
_cBK
999 _c23509
_d23509